000 00645nam a22002297a 4500
003 UA-OsUOA
001 92418
007 ta
008 20121217b un ||||| |||| 00| 0 ukr d
100 _aАбрагамс П.
090 _a821.111
_bА16
942 _cBK
040 _aUA-OsUOA
_bukr
_cUA-OsUOA
_dUA-OsUOA
245 _aНа поклик волі. Загибель Майкла Удомо
_bповість, роман
300 _a559 с.
955 _a3
041 _aukr
080 _a821.111
260 _aК.
_bДніпро
_c1982
650 7 _a82 Література. Літературознавство
_2UDC
999 _c378663
_d378663